00330pab a2200121 454500008004000000100002100040245007000061260000900131300001500140362000800155650001400163773003100177180718b2005 xxu||||| |||| 00| 0 eng d aStever, James A. aAdapting intergovernmental management to the new age of terrorism c2005 ap.379-403. aSep aTerrorism aAdministration and Society